Foundations of statistical natural language processing.
Furkejuvvon:
| Váldodahkkit: | , |
|---|---|
| Materiálatiipa: | Girji |
| Almmustuhtton: |
Cambridge, Mass., USA:
The MIT Press,
2002.
|
| Preanttus: | Fifth printing with corrections. |
| Fáttát: | |
| Fáddágilkorat: |
Lasit fáddágilkoriid
Eai fáddágilkorat, Lasit vuosttaš fáddágilkora!
|
MARC
| LEADER | 00000nam a22000007a 4500 | ||
|---|---|---|---|
| 001 | UCL3591 | ||
| 003 | CL-VaPUC | ||
| 005 | 20240910103110.0 | ||
| 008 | 240826t2002 ||||| |||| 00| 0 eng d | ||
| 999 | |c 444517 |d 444515 | ||
| 020 | |a 978-0-262-13360-9 | ||
| 040 | |c Pontificia Universidad Católica de Valparaíso | ||
| 082 | 0 | 4 | |a 410.285 MAN 2002 |2 21 |
| 100 | |a Manning, Christopher D. |e author |9 582431 | ||
| 245 | 1 | 0 | |a Foundations of statistical natural language processing. |
| 250 | |a Fifth printing with corrections. | ||
| 260 | |a Cambridge, Mass., USA: |b The MIT Press, |c 2002. | ||
| 300 | |a xxxiii, 680 páginas. | ||
| 583 | |a last modification |c 20031128 00:00:00 |k GC | ||
| 650 | |a Lingüística computacional |x Métodos estadísticos |9 890817 | ||
| 700 | 0 | |a Schütze, Hinrich |e author |9 480936 | |
| 942 | |c BK |2 ddc | ||
| 952 | |0 0 |1 0 |2 ddc |4 0 |6 410_285000000000000_MAN_2002 |7 0 |8 A |9 596405 |a BIBEDU |b BIBEDU |d 2024-08-23 |e 3 |g 115437.00 |i 5662541 |o 410.285 MAN 2002 |p 5662541 |r 2024-08-23 |t 1 |v 115437.00 |w 2024-08-23 |y BK |k LIT | ||